| 000 | 01023nam a22002657a 4500 | ||
|---|---|---|---|
| 001 | 00139 | ||
| 003 | DO-SdBNP | ||
| 005 | 20160617151902.0 | ||
| 007 | 00139 | ||
| 008 | 160404b 2001 g ||||| |||| 00| 0 spa d | ||
| 020 | _a | ||
| 040 |
_aBPMSU _bspa _cBPMSU |
||
| 092 |
_aR615.1 _bV123f |
||
| 245 | _aVademécum farmacéutico Edifarm 2001 | ||
| 250 | _a6ta. ed | ||
| 260 |
_aGuatemala : _bEdifarm: _c1998. |
||
| 300 |
_a572 p. : _bil., _c30 cm. |
||
| 500 | _aCentroamérica, Panamá y República Dominicana | ||
| 505 |
_tDirectorio de laborios -- _tÍndice de principios activos -- _tClasificación farcológica por aparatos y sistemas - _tSección identificación de productos -- _tDiccionario de productos -- _tÍndice general de productos -- _8Novedades científicas y recordatorio práctico -- _tInteracciones medicamentosas -- |
||
| 650 |
_aFARMACOLOGÍA _vMANUALES |
||
| 650 |
_aMEDICAMENTOS _vMANUALES |
||
| 710 | _a Edifarm Internacional | ||
| 942 |
_2ddc _cBK |
||
| 956 |
_aVMATEO _b10 _c20160617 _dBPMSU _f0069 |
||
| 999 |
_c10430 _d10430 |
||